Życie po śmierci /

محفوظ في:
التفاصيل البيبلوغرافية
المؤلف الرئيسي: Wilson, Ian (1941- )
مؤلفون آخرون: Glińska, Marta (Tłumaczenie)
التنسيق: كتاب
اللغة:البولندية
الإنجليزية
منشور في: Warszawa : "Pelikan", 1989
الطبعة:[Wyd. 2].
الموضوعات:
الوسوم: إضافة وسم
لا توجد وسوم, كن أول من يضع وسما على هذه التسجيلة!

MARC

LEADER 00000nam a2200000 i 4500
001 991001710289705066
005 20260515140225.0
008 970612s1989 pl a |000 0 pol
020 |a 8300023658 
035 |a 991001710289705066 
035 |a (PL-WaBN)b1048307x-48omnis_nlop 
035 |a b1048307x 
035 |a (OCoLC)750642959 
035 |a (PL)b0000001048307 
035 |a (EXLNZ-48OMNIS_NETWORK)9910122373105606 
040 |a WA N  |c WA N  |d WA N 
041 1 |a pol  |h eng 
080 |a 159.961 
090 |c 46  |d 45 
100 1 |a Wilson, Ian  |d (1941- ) 
245 1 0 |a Życie po śmierci /  |c Ian Wilson ; przeł. [z ang.] Marta Glińska. 
246 1 |i Tyt. oryg.:  |a After death experience, 
250 |a [Wyd. 2]. 
260 |a Warszawa :  |b "Pelikan",  |c 1989  |e (Szczec. :  |f SZG). 
300 |a 305, [7] s. :  |b il. ;  |c 17 cm. 
500 |a Tyt. oryg.: The after death experience. 
504 |a Bibliogr. s. 301-[306]. 
650 7 |a Eschatologia 
650 7 |a Hipnoza 
650 7 |a Parapsychologia 
650 7 |a Śmierć  |x psychologia. 
650 7 |a Doświadczenie z pogranicza śmierci (NDE) 
700 1 |a Glińska, Marta  |e Tłumaczenie 
920 |a 83-00-02365-8 
942 |c K 
952 |0 0  |1 0  |4 0  |6 R__24_000000000000000  |7 0  |9 44  |a RYT  |b RYT  |d 2026-03-17  |e 1/2026  |g 10.00  |l 0  |o R.24  |p 2000000000244  |r 2026-05-15 14:02:25  |w 2026-05-15  |y BK  |z da 
999 |c 44  |d 44